Fußballquiz - mittel - Statistiken

Allgemein
  • Dieses Quiz wurde 239 mal gespielt
  • Das Durchschnittsergebnis liegt bei 8 aus 10
Antwortstatistiken
Frage Antwort % Korrekt
Wie heißt dieser Spieler korrekt? Kylian Mbappé
96%
Auf welchem Spieler lastet einem Mythos zufolge ein Titelfluch? Harry Kane
91%
Welcher Verein wird oft „der Glubb“ gennant? 1.FC Nürnberg
88%
Gegen wen verlor Bayern München 2012 das „Finale dahoam"? FC Chelsea
82%
Wann wurde die Bundesliga gegründet? 1963
79%
Wer gewann die erste Saison der Bundesliga? 1.FC Köln
79%
Welcher Verein krönte sich 2001 zum Meister der Herzen? Schalke 04
74%
Wer schoss noch kein Tor für Deustchland in einem WM-Finale Franz Beckenbauer
60%
Welcher Verein spielt am Böllenfallentor? SV Darmstadt 98
58%
Welcher Spieler wollte - egal ob nach Mailand oder nach Madrid - unbedingt nach Italien? Andreas Möller
47%
Keine übereinstimmenden Quizze gefunden
Verteilung der Resultate
Anzahl Personen mit jedem Resultat
Perzentil nach korrekt beantworteten Fragen
Ihre Resultats-Entwicklung
Sie haben dieses Quiz noch nicht gespielt